Elements de geometrie descriptive avec de nombreux exercices
Guardat en:
| Autor principal: | |
|---|---|
| Format: | Llibre |
| Idioma: | French |
| Publicat: |
[Paris, France] : Tours Impr. Mame
1920
|
| Matèries: | |
| Etiquetes: |
Afegir etiqueta
Sense etiquetes, Sigues el primer a etiquetar aquest registre!
|
MARC
| LEADER | 00000nam a2200000Ia 4500 | ||
|---|---|---|---|
| 003 | 002438 | ||
| 005 | 20221231143947.0 | ||
| 008 | 140114s1920 fr a 000 ||fre d | ||
| 040 | |c cru CEDI | ||
| 082 | |a 515 P221e | ||
| 100 | |a Par, F.J |9 21531 | ||
| 245 | |a Elements de geometrie descriptive avec de nombreux exercices | ||
| 260 | |a [Paris, France] : Tours Impr. Mame |c 1920 | ||
| 300 | |a 458 páginas :ilustraciones | ||
| 650 | |x GEOMETRIA DESCRIPTIVA |9 21532 | ||
| 942 | |2 ddc |c BK | ||
| 999 | |c 14829 |d 14829 | ||
